A Nobel-díjas Szent-Györgyi Albert öregdiáktársai összejövetelén

Elmentve itt :
Bibliográfiai részletek
Szerző: Szent-Györgyi Albert
Dokumentumtípus: Cikk
Megjelent: 1938-04
Sorozat:A Mi útunk : református középiskolás ifjúsági lap 6 No. 8
Online Access:http://misc.bibl.u-szeged.hu/73776
LEADER 00672nab a2200169 i 4500
001 misc73776
005 20241018150538.0
008 240219s1938 hu o 000 hun d
040 |a SZTE Miscellanea Repozitórium  |b hun 
041 |a hun 
100 2 |a Szent-Györgyi Albert 
245 1 2 |a A Nobel-díjas Szent-Györgyi Albert öregdiáktársai összejövetelén  |h [elektronikus dokumentum] /  |c  Szent-Györgyi Albert 
260 |c 1938-04 
300 |a 9 
490 0 |a A Mi útunk : református középiskolás ifjúsági lap  |v 6 No. 8 
561 |a Szent-Györgyi Albert tudományos és egyéb írásai 
856 4 0 |u http://misc.bibl.u-szeged.hu/73776/1/szgya_magyar_130.pdf  |z Dokumentum-elérés